000 00690nam a2200241Ia 4500
003 OSt
005 20220930071818.0
006 a|||||r|||| 00| 0
007 ta
008 220926b |||||||| |||| 00| 0 hin d
024 _a18175
037 _cTheses
040 _aCRL
_cCRL
_bhin
041 _2hin
_ahin
100 _aDiwedi Sanjay
_9528991
110 _aUniversity of Meerut. Faculty of Arts. Department of Hindi
245 0 _aParsad ke natko ki bhasha ka shali vaganik adhyayan
260 _c1983
650 _aHINDI LITERATURE
_923866
700 _aUniversity of Meerut. Faculty of Arts. Department of Hindi
942 _cDIS
_2CC
999 _c862881
_d862881